Filmographie Peter Jackson - Statistiques

Statistiques générales
  • Ce quiz a été pris 40 fois
  • Le résultat moyen est 8 sur 14
Statistiques - réponses
Année Films % Correct
2003 Le Seigneur des anneaux : Le Retour du roi
97%
2002 Le Seigneur des anneaux : Les Deux Tours
97%
2001 Le Seigneur des anneaux : La Communauté de l'anneau
95%
2013 Le Hobbit : La Désolation de Smaug
84%
2014 Le Hobbit : La Bataille des Cinq Armées
81%
2012 Le Hobbit : Un voyage inattendu
81%
2005 King Kong
62%
1992 Braindead
38%
1987 Bad Taste
32%
1996 Fantômes contre fantômes
32%
1989 Les Feebles
27%
2009 Lovely Bones
19%
1994 Créatures célestes
16%
1995(coréalisé par Costa Botes) Forgotten Silver
8%
Aucun quiz correspondant
Distribution des résultats
% des personnes avec chaque résultat
Percentile par nombre de réponses
Votre historique - résultats
Vous n’avez pas pris ce quiz